Adivinhe a Letra: Sampa - Statistics

Estatísticas Gerais
  • Esse quiz foi jogado 17 vezes
  • A pontuação média é 133 de 231
Estatísticas das Respostas
Letra % Correto
a
100%
A
100%
à
100%
É
90%
é
90%
E
90%
e
90%
o
90%
com
80%
Da
80%
da
80%
de
80%
eu
80%
Eu
80%
na
80%
no
80%
por
80%
as
70%
Avenida
70%
coração
70%
és
70%
João
70%
meu
70%
os
70%
Que
70%
que
70%
São
70%
te
70%
acontece
60%
Alguma
60%
aqui,
60%
coisa
60%
do
60%
Do
60%
esquinas
60%
Ipiranga
60%
mais
60%
Mais
60%
nada
60%
Nada
60%
não
60%
para
60%
quando
60%
Quando
60%
60%
tua
60%
acha
50%
cheguei
50%
completa
50%
concreta
50%
cruza
50%
dura
50%
entendi
50%
era
50%
garoa
50%
gosto
50%
gosto,
50%
Lee
50%
meninas
50%
mesmo
50%
nas
50%
poesia
50%
quem
50%
Rita
50%
suas
50%
tuas
50%
Tuas
50%
um
50%
vejo
50%
vem
50%
vi
50%
vi,
50%
Áfricas
40%
Ainda
40%
ainda
40%
antes
40%
apagando
40%
apavora
40%
Aprende
40%
avesso
40%
Baianos
40%
baianos
40%
belas
40%
boa
40%
campos
40%
chamar-te
40%
Chamei
40%
chuva
40%
cidade
40%
coisas
40%
curtir
40%
depressa
40%
deselegância
40%
destrói
40%
deuses
40%
discreta
40%
encarei
40%
ergue
40%
espaços
40%
espelho
40%
estrelas
40%
favelas
40%
feia
40%
feio
40%
feliz
40%
filas,
40%
força
40%
frente
40%
frente,
40%
fumaça
40%
havia
40%
mau
40%
mente
40%
mim,
40%
Mutantes
40%
Narciso
40%
novo
40%
Novos
40%
novos
40%
numa
40%
oficinas
40%
oprimido
40%
passeiam
40%
podem
40%
poetas
40%
Porque
40%
povo
40%
Quilombo
40%
realidade
40%
rosto
40%
sobe,
40%
somos
40%
surgir
40%
teus
40%
tradução
40%
velho
40%
Zumbi
40%
começo,
30%
conheço
30%
difícil
30%
florestas,
30%
foste
30%
grana
30%
outro
30%
Pan-Américas
30%
possível
30%
samba
30%
sonho
30%
túmulo
30%
utópicas,
30%
vilas,
30%
afasto
10%
Nenhum quiz correspondente encontrado
Distribuição das Pontuações
Porcentagem de Pessoas com Cada Pontuação
Percentil de Números Respondidos
Sua Pontuação Histórica
Você não jogou esse quiz